25 najbardziej favowanych keszy w Warszawie - Statystyki

Ogólne statystyki
  • Ten quiz został rozwiązany 7 razy
  • Średni wynik to 8 z 25
Statystyki odpowiedzi
Typ #FP Odpowiedź % Poprawnych
Traditional 146 |PW3| 84%
86%
Letterbox 305 Warsaw Cache
86%
Traditional 106 |PW5| Szpital Polowy Mariańska 1
71%
Traditional 135 |PW7| Prudential
71%
Letterbox 146 ARh+ TB Hotel
57%
Virtual 144 Copernicus' De revolutionibus orbium coelestium
43%
Virtual 262 Ndebele 1
43%
Traditional 111 Uniwersytet Warszawski
43%
Traditional 80 WARSZAWSKA NIKE
43%
Virtual 77 Plac Piłsudskiego
29%
Letterbox 64 Warszawskie ZOO #2: Małpie figle
29%
Letterbox 75 Warszawskie ZOO #6: Signal
29%
Earthcache 62 3 kolumny
14%
Traditional 68 CT32: Ordynacka
14%
Traditional 61 [GeoOjczysty] BIMBER
14%
Traditional 59 I ❤️ Warszawa - most, którego już nie ma
14%
Unknown 73 Master of Mystery #35 - Warsaw
14%
Traditional 103 Warsaw Museum of Technology
14%
Virtual 84 Warsaw's TOP View
14%
Letterbox 70 Warszawskie ZOO #1: Podwodny świat
14%
Letterbox 66 Warszawskie ZOO #3: Ptasie Radio
14%
Traditional 87 I ❤️ Warszawa - miasto, którego już nie ma
0%
Earthcache 87 Warsaw's Geology Kingdom
0%
Letterbox 59 Warszawskie ZOO #4: Afryka Dzika
0%
Letterbox 63 Warszawskie ZOO #5: Z pazurem
0%
Nie znaleziono quizów pasujących do podanych kryteriów
Rozkład punktacji
Procent ludzi z każdym wynikiem
Percentyl według liczby udzielonych odpowiedzi
Twoja historia wyników
Nie rozwiązałeś tego quizu